Dez Bons Conselhos de Meu Pai (Record no. 123057)

MARC details
000 -LÍDER
campo de controle de tamanho fixo 02229 a2200193 4500
001 - NÚMERO DE CONTROLE
campo de controle 123057
020 ## - ISBN - INTERNATIONAL STANDARD BOOK NUMBER
ISBN - International Standard Book Number 9780545251099
040 ## - FONTE DA CATALOGAÇÃO
Instituição que transcreveu o registro Escola Canadense de Niteroi
090 ## - NÚMERO DE CHAMADA LOCAL
Número de chamada (OCLC) (R); Número de chamada, CALL (RLIN) (NR) RIB-D3
100 ## - ENTRADA PRINCIPAL--NOME PESSOAL
Nome pessoal Ribeiro, João Ubaldo
245 10 - TÍTULO
Título Dez Bons Conselhos de Meu Pai
260 ## - PUBLICAÇÃO, DISTRIBUIÇÃO, ETC.
Local de publicação, distribuição, etc. Rio de Janeiro
300 ## - DESCRIÇÃO FÍSICA
Outros detalhes físicos il.
Dimensões 4 x 19.2 x 0.6 cm
362 0# - DATAS DE PUBLICAÇÃO E/OU DESIGNAÇÃO SEQUENCIAL
Datas de publicação e/ou designação sequencial 2011
520 ## - NOTA DE RESUMO, ETC
Resumo, etc. Manuel Ribeiro, o pai do escritor baiano João Ubaldo Ribeiro, era um homem estudioso e sempre foi exemplo e inspiração para o filho. Foi professor de história e de direito, ocupou vários cargos importantes, como o de diretor da Faculdade de Direito da Universidade Católica de Salvador. Na política, foi deputado estadual em Sergipe e vereador em salvador. Mas afora todos esses títulos socialmente importantes, Manuel Ribeiro foi um bom pai. Construiu junto com a mulher, Maria Felipa Osório Pimentel, uma casa cheia de livros, com uma biblioteca que se espalhava por todos os cômodos e contemplava todos os gêneros que se podiam imaginar: romance, filosofia, política, esoterismo. João Ubaldo, o filho mais velho do casal, inserido nessa atmosfera, descobriu que estavam nos livros as suas vontades. Sem que ninguém mandasse, o João menino vivia mergulhado nas histórias. Em Dez Bons Conselhos de Meu Pai, o romancista Ubaldo Ribeiro, considerado um dos escritores mais importantes do país e autor de livros indispensáveis na literatura contemporânea, traduz em sentenças curtas, mas essenciais, o resumo das diretrizes de vida mais importantes passadas por seu pai. Coisas como: não seja burro, não seja amargo e nunca seja medroso são apenas alguns deles. Rigoroso, Manuel era um pai atento à educação do filho mais velho, fazendo com que João decorasse versos e mais versos e recorrer ao dicionário a cada palavra que não conhecia. Manuel ensinou João a amar os livros, o valor do estudo, a vontade de saber sempre mais e, com isso, contribuiu para a construção de um dos mais importantes autores da literatura brasileira. Seus bons conselhos e a visão de mundo que deixou de legado ao filho, são generosamente compartilhados pelo autor baiano.
650 #4 - ASSUNTO--TERMO TÓPICO
Cabeçalho tópico ou nome geográfico Literatura Infantil
650 #4 - ASSUNTO--TERMO TÓPICO
Cabeçalho tópico ou nome geográfico Família
942 ## - ELEMENTOS DE ENTRADA ADICIONADOS (KOHA)
Tipo de material Koha Livros
Holdings
Situação do descarte Situação das perdas Situação física Não pode ser emprestado Biblioteca de origem Biblioteca atual Data de aquisição Total de empréstimos Número de chamada completo Código de barras Data de último acesso Data do preço efetivo Tipo de material Koha
        Canadian School of Niterói - Piratininga Canadian School of Niterói - Piratininga 09/02/2024   RIB-D3 A09157 09/02/2024 09/02/2024 Livros